[Event "Fagernes op"]
[Site "Fagernes"]
[Date "2022.04.16"]
[Round "8"]
[White "Sorensen, Simen"]
[Black "Al Tarbosh, Ward"]
[Result "1/2-1/2"]
[WhiteElo "2070"]
[BlackElo "2200"]
[PlyCount "124"]
[EventDate "2022.04.10"]
[EventType "swiss"]
[EventRounds "9"]
[EventCountry "NOR"]
[SourceTitle "CBM 207 Extra"]
[Source "ChessBase"]
[SourceDate "2022.05.31"]
[SourceVersion "1"]
[SourceVersionDate "2022.05.31"]
[SourceQuality "1"]

1. d4 b6 2. c4 Bb7 3. Nc3 Nf6 4. f3 e5 5. dxe5 Nh5 6. Nh3 f5 7. exf6 Nxf6 8. Bg5 h6 9. Bh4 g5 10. Bg3 Bg7 11. Qd2 Nc6 12. 0-0-0 d6 13. Kb1 Qd7 14. e4 0-0-0 15. Be2 Nh5 16. Bf2 Rhf8 17. Be3 Ne5 18. Nd5 Kb8 19. f4 gxf4 20. Nhxf4 Nxf4 21. Bxf4 Qa4 22. b3 Qa3 23. Bxh6 Bxh6 24. Qxh6 Rf2 25. Qe3 Nxc4 26. bxc4 Qxe3 27. Nxe3 Rxe2 28. Rhe1 Bxe4+ 29. Ka1 Rf2 30. Rf1 Rdf8 31. g4 R8f3 32. Rxf2 Rxf2 33. Rd4 Bh7 34. h4 Re2 35. Nd5 a5 36. a4 Rh2 37. g5 Rg2 38. Rf4 Bc2 39. Rf8+ Kb7 40. Rf7 Bxa4 41. Rxc7+ Kb8 42. Rg7 b5 43. Nc3 Bb3 44. Nxb5 Bxc4 45. Nxd6 Bd5 46. Nb5 Ra2+ 47. Kb1 Rh2 48. Ra7 Be4+ 49. Ka1 Bd3 50. Rxa5 Kb7 51. Nc3 Kb6 52. Re5 Rxh4 53. Kb2 Bc4 54. Nd1 Bd3 55. Kc3 Bb1 56. Ne3 Kc7 57. Nc4 Kd8 58. Re1 Bf5 59. Re5 Bg6 60. Re1 Rg4 61. Ne5 Rxg5 62. Nxg6 Rxg6 1/2-1/2

[Event "Fagernes op"]
[Site "Fagernes"]
[Date "2022.04.15"]
[Round "7"]
[White "Ingebretsen, Jens E"]
[Black "Sorensen, Simen"]
[Result "1-0"]
[WhiteElo "2315"]
[BlackElo "2070"]
[PlyCount "81"]
[EventDate "2022.04.10"]
[EventType "swiss"]
[EventRounds "9"]
[EventCountry "NOR"]
[SourceTitle "CBM 207 Extra"]
[Source "ChessBase"]
[SourceDate "2022.05.31"]
[SourceVersion "1"]
[SourceVersionDate "2022.05.31"]
[SourceQuality "1"]

1. e4 c5 2. Nf3 e6 3. d4 cxd4 4. Nxd4 Nc6 5. Nc3 Qc7 6. g3 a6 7. Bg2 d6 8. 0-0 Bd7 9. Re1 Nf6 10. Nxc6 bxc6 11. b3 Be7 12. Na4 Rb8 13. Qe2 c5 14. Nb2 Bb5 15. c4 Bc6 16. Nd3 0-0 17. Bb2 Nd7 18. Rad1 Bf6 19. Bxf6 Nxf6 20. e5 Bxg2 21. exf6 Ba8 22. Qg4 g6 23. f3 Kh8 24. Re3 d5 25. Ne5 Rg8 26. Qf4 Qa7 27. Qh6 d4 28. Re2 Qc7 29. Rd3 Rb7 30. g4 Qd8 31. Qg5 Qf8 32. f4 h6 33. Rh3 Kh7 34. Rd2 Rh8 35. Rdd3 Kg8 36. Nxg6 fxg6 37. Qxg6+ Rg7 38. fxg7 Qxg7 39. Qe8+ Kh7 40. Rxh6+ Qxh6 41. Qf7+ 1-0

[Event "Fagernes op"]
[Site "Fagernes"]
[Date "2021.10.12"]
[Round "4"]
[White "Sorensen, Simen"]
[Black "Kvaloy, Aksel Bu"]
[Result "0-1"]
[WhiteElo "1975"]
[BlackElo "2275"]
[PlyCount "88"]
[EventDate "2021.10.10"]
[EventType "swiss"]
[EventRounds "9"]
[EventCountry "NOR"]
[SourceTitle "CBM 204 Extra"]
[Source "ChessBase"]
[SourceDate "2021.11.30"]
[SourceVersion "1"]
[SourceVersionDate "2021.11.30"]
[SourceQuality "1"]

1. d4 Nf6 2. c4 e6 3. Nc3 Bb4 4. f3 c5 5. d5 d6 6. e4 b5 7. Bd2 a6 8. a4 Bxc3 9. Bxc3 Bb7 10. axb5 axb5 11. Rxa8 Bxa8 12. Qb3 0-0 13. Qxb5 Nh5 14. Ne2 f5 15. Kd1 fxe4 16. fxe4 Qh4 17. Qa4 Bb7 18. Qa7 Qe7 19. g3 exd5 20. exd5 Qe4 21. Rg1 Bc8 22. g4 Bxg4 23. Kc1 Nd7 24. Qa4 Bxe2 25. Bxe2 Qe3+ 26. Kc2 Qxe2+ 27. Kb1 Nb6 28. Qa7 Qd3+ 29. Kc1 Qe3+ 30. Kc2 Qxg1 31. Qxb6 Qxh2+ 32. Kb3 Qe2 33. Qa7 Nf6 34. Qb7 Qd1+ 35. Ka2 Qa4+ 36. Kb1 Nd7 37. Be1 Qd1+ 38. Ka2 Qxe1 39. Qxd7 Qa5+ 40. Kb1 Qe1+ 41. Ka2 Ra8+ 42. Kb3 Rb8+ 43. Ka2 Qd2 44. Qe6+ Kh8 0-1

[Event "Fagernes op"]
[Site "Fagernes"]
[Date "2020.10.08"]
[Round "6"]
[White "Eliseev, Sergey1111"]
[Black "Sorensen, Simen"]
[Result "1-0"]
[WhiteElo "2025"]
[BlackElo "2047"]
[PlyCount "139"]
[EventDate "2020.10.04"]
[EventType "swiss"]
[EventRounds "9"]
[EventCountry "NOR"]
[SourceTitle "EXT 2021"]
[Source "ChessBase"]
[SourceDate "2020.10.23"]
[SourceVersion "1"]
[SourceVersionDate "2020.10.23"]
[SourceQuality "1"]

1. e4 c5 2. Nf3 e6 3. b3 a6 4. Bb2 Nc6 5. d4 cxd4 6. Nxd4 Qf6 7. Bc3 e5 8. Nxc6 bxc6 9. Qh5 d6 10. Bc4 Nh6 11. Qe2 Qg6 12. 0-0 Be7 13. Nd2 0-0 14. f3 Kh8 15. Bd3 Bg5 16. Nc4 Bd8 17. a4 Qe6 18. a5 Rb8 19. Nb2 Qd7 20. Bd2 f6 21. Be3 d5 22. Bxa6 f5 23. Bxc8 Qxc8 24. Nd3 Bf6 25. Ra4 Qa6 26. Re1 g5 27. Bc5 Rfe8 28. Nb4 Qc8 29. Qa6 d4 30. Qxc8 Rexc8 31. a6 fxe4 32. Rxe4 Ra8 33. Nd3 Nf7 34. Nb2 Bd8 35. Nc4 Bc7 36. a7 Kg7 37. Re1 Kf6 38. Ra6 Bd8 39. Bb6 Be7 40. Ba5 Bc5 41. Bb6 Be7 42. Rea1 Nd6 43. Nxd6 Bxd6 44. R1a5 Ke6 45. Bc5 Bxc5 46. Rxc5 Kd6 47. Rca5 Rc7 48. Kf2 Rb7 49. Ke2 h5 50. Kd3 Rf7 51. b4 Kc7 52. Rxe5 Kb7 53. Ra4 g4 54. Rxh5 gxf3 55. gxf3 Rxf3+ 56. Kxd4 Rf7 57. Kc5 Rg7 58. c4 Rf7 59. h4 Rg7 60. Rg5 Rh7 61. h5 Rxa7 62. Rxa7+ Kxa7 63. Kxc6 Rh6+ 64. Kb5 Rb6+ 65. Kc5 Rf6 66. b5 Kb7 67. Rg7+ Kb8 68. Rh7 Rf5+ 69. Kb4 Rf6 70. c5 1-0

[Event "Kragero op"]
[Site "Kragero"]
[Date "2020.02.19"]
[Round "1"]
[White "Gretarsson, Helgi Ass"]
[Black "Sorensen, Simen"]
[Result "1-0"]
[WhiteElo "2403"]
[BlackElo "2041"]
[PlyCount "61"]
[EventDate "2020.02.19"]
[EventType "swiss"]
[EventRounds "9"]
[EventCountry "NOR"]
[SourceTitle "CBM 195 Extra"]
[Source "ChessBase"]
[SourceDate "2020.05.31"]
[SourceVersion "1"]
[SourceVersionDate "2020.05.31"]
[SourceQuality "1"]

1. Nf3 d5 2. d4 Nf6 3. Bg5 e6 4. e3 Be7 5. c4 0-0 6. Nc3 h6 7. Bh4 b6 8. Be2 Bb7 9. Bxf6 Bxf6 10. cxd5 exd5 11. b4 Qd6 12. Qb3 c6 13. 0-0 Nd7 14. Rab1 Rfd8 15. Rfe1 a5 16. bxa5 Rxa5 17. a4 Rb8 18. e4 dxe4 19. Nxe4 Qf4 20. Bc4 Be7 21. Be6 fxe6 22. Qxe6+ Qf7 23. Qxd7 Ba8 24. Ne5 Qe8 25. Qe6+ Kh7 26. Nd7 Rd8 27. Nef6+ gxf6 28. Nxf6+ Bxf6 29. Qxf6 Qxe1+ 30. Rxe1 Rd7 31. Re6 1-0

[Event "Bergen Grand Prix"]
[Site "Bergen"]
[Date "2019.11.16"]
[Round "2"]
[White "Sorensen, Simen"]
[Black "Haldorsen, Benjamin"]
[Result "0-1"]
[WhiteElo "2004"]
[BlackElo "2443"]
[PlyCount "86"]
[EventDate "2019.11.15"]
[EventType "swiss"]
[EventRounds "5"]
[EventCountry "NOR"]
[SourceTitle "CBM 193 Extra"]
[Source "ChessBase"]
[SourceDate "2020.01.31"]
[SourceVersion "1"]
[SourceVersionDate "2020.01.31"]
[SourceQuality "1"]

1. d4 d5 2. Nf3 Nf6 3. c4 e6 4. Nc3 a6 5. cxd5 exd5 6. Bg5 Be6 7. e3 Nbd7 8. Bd3 Bd6 9. Rc1 c6 10. 0-0 Qb8 11. Bh4 0-0 12. Bg3 Bg4 13. Qc2 Bxg3 14. hxg3 Re8 15. Ne2 Bh5 16. Nf4 Bg6 17. Nxg6 hxg6 18. Ng5 Qd6 19. Nxf7 Kxf7 20. Bxg6+ Kg8 21. Bxe8 Rxe8 22. Qf5 Ne4 23. Qf4 Qe6 24. Qc7 Nd6 25. Rfe1 Rc8 26. Qa5 Nf6 27. f3 Rf8 28. g4 Nh7 29. Qd2 Ng5 30. Qe2 Qh6 31. f4 Nge4 32. g3 Qh3 33. Qh2 Qxg4 34. Kg2 Nf5 35. Qh3 Qxh3+ 36. Kxh3 Nf2+ 37. Kg2 Nd3 38. Rcd1 Nxe1+ 39. Rxe1 Re8 40. Kf2 Kf7 41. g4 Nd6 42. Kf3 Rh8 43. Re2 Kf6 0-1

[Event "Straume Bronstein Cup A"]
[Site "Straume"]
[Date "2019.10.27"]
[Round "6"]
[White "Jeyachandran, Thirukkumaran"]
[Black "Sorensen, Simen"]
[Result "0-1"]
[WhiteElo "1525"]
[BlackElo "1773"]
[PlyCount "110"]
[EventDate "2019.10.27"]
[EventType "swiss (rapid)"]
[EventRounds "6"]
[EventCountry "NOR"]
[SourceTitle "EXT 2024"]
[Source "ChessBase"]
[SourceDate "2023.10.10"]
[SourceVersion "1"]
[SourceVersionDate "2023.10.10"]
[SourceQuality "1"]

1. e4 c5 2. Nf3 e6 3. c3 d5 4. exd5 Qxd5 5. d4 Nf6 6. Be3 cxd4 7. cxd4 Nc6 8. Nc3 Bb4 9. Bd3 0-0 10. 0-0 Bxc3 11. bxc3 b6 12. Re1 Bb7 13. Bg5 Nd7 14. c4 Qd6 15. d5 Nb4 16. Bb1 e5 17. a3 Na6 18. Qd3 f5 19. Qc3 Rae8 20. Bc2 Nac5 21. Rab1 Qg6 22. Be3 e4 23. Nd4 Qf6 24. Nb5 Qxc3 25. Nxc3 Ba6 26. Nb5 Bxb5 27. Rxb5 Rc8 28. a4 Nb7 29. Bb3 Nd6 30. Rb4 a5 31. c5 bxc5 32. Bxc5 Rxc5 33. Rd4 Rb8 34. Ba2 Rc2 35. Bb1 Rcb2 36. Rdd1 Nc5 37. h3 Nxa4 38. Rc1 Nc3 39. Rxc3 Rxb1 40. Rxb1 Rxb1+ 41. Kh2 Rd1 42. Rc5 a4 43. Ra5 Kf7 44. Rxa4 Rxd5 45. Ra7+ Kf6 46. Ra6 Rd3 47. h4 h6 48. Ra8 Nf7 49. Ra6+ Rd6 50. Ra5 g5 51. hxg5+ hxg5 52. Kh3 Ne5 53. Kg3 Rd3+ 54. Kh2 Ng4+ 55. Kg1 Rd1# 0-1

[Event "Bergen Sommer Super-NGP A"]
[Site "Bergen"]
[Date "2019.08.01"]
[Round "8"]
[White "Sorensen, Simen"]
[Black "Eriksen, Lars Erik"]
[Result "0-1"]
[WhiteElo "1979"]
[BlackElo "1896"]
[PlyCount "140"]
[EventDate "2019.07.29"]
[EventType "swiss"]
[EventRounds "9"]
[EventCountry "NOR"]
[SourceTitle "EXT 2024"]
[Source "ChessBase"]
[SourceDate "2023.10.10"]
[SourceVersion "1"]
[SourceVersionDate "2023.10.10"]
[SourceQuality "1"]

1. d4 d5 2. Nf3 Nc6 3. Bf4 Bf5 4. e3 a6 5. Bd3 Bxd3 6. Qxd3 Nf6 7. 0-0 e6 8. Nbd2 Bd6 9. Bxd6 cxd6 10. c4 dxc4 11. Nxc4 b5 12. Ncd2 0-0 13. Rac1 Qb6 14. a3 Rac8 15. Ng5 h6 16. Nge4 Nxe4 17. Nxe4 Ne7 18. Qd2 f5 19. Nc3 Rc4 20. Ne2 Rfc8 21. b3 R4c7 22. Nf4 Kf7 23. Nd3 a5 24. Rxc7 Rxc7 25. Rc1 Nd5 26. h3 Rxc1+ 27. Qxc1 Qc7 28. Qxc7+ Nxc7 29. Kf1 Nd5 30. Nb2 g5 31. Ke2 Ke7 32. Kd3 e5 33. dxe5 dxe5 34. g3 Ke6 35. e4 fxe4+ 36. Kxe4 Nf6+ 37. Kd3 Kd5 38. Nd1 e4+ 39. Kc3 Ke5 40. a4 Nd5+ 41. Kd2 bxa4 42. bxa4 Kd4 43. h4 g4 44. Nb2 Nb6 45. Ke2 h5 46. Kd2 Nd5 47. Ke2 Kc3 48. Nd1+ Kb3 49. Kd2 Kxa4 50. Kc2 Kb4 51. Kb2 Kc4 52. Kc2 Kd4 53. Nb2 Nb6 54. Kb3 a4+ 55. Kb4 Nd5+ 56. Kxa4 e3 57. fxe3+ Nxe3 58. Kb3 Nf5 59. Kc2 Ke3 60. Kd1 Kf2 61. Nd3+ Kxg3 62. Ke2 Nxh4 63. Kf1 Nf3 64. Nc5 Kh2 65. Nd3 g3 66. Nf4 h4 67. Ne2 g2+ 68. Kf2 g1Q+ 69. Nxg1 Nxg1 70. Kf1 Nh3 0-1

[Event "Bergen Sommer Super-NGP A"]
[Site "Bergen"]
[Date "2019.07.31"]
[Round "6"]
[White "Sorensen, Simen"]
[Black "Unneland, Mathias"]
[Result "1/2-1/2"]
[WhiteElo "1979"]
[BlackElo "2008"]
[PlyCount "92"]
[EventDate "2019.07.29"]
[EventType "swiss"]
[EventRounds "9"]
[EventCountry "NOR"]
[SourceTitle "EXT 2024"]
[Source "ChessBase"]
[SourceDate "2023.10.10"]
[SourceVersion "1"]
[SourceVersionDate "2023.10.10"]
[SourceQuality "1"]

1. d4 Nf6 2. c4 g6 3. Nc3 Bg7 4. e4 d6 5. f3 0-0 6. Be3 c5 7. Nge2 Nc6 8. Qd2 h5 9. b3 a6 10. d5 Ne5 11. Rc1 e6 12. Nf4 exd5 13. Nfxd5 Nxd5 14. Nxd5 Be6 15. Be2 Nc6 16. 0-0 Nd4 17. Bd3 Bxd5 18. exd5 Re8 19. Bf4 Qd7 20. Rfe1 h4 21. Kh1 h3 22. Qf2 hxg2+ 23. Qxg2 a5 24. Qg3 a4 25. Bxd6 axb3 26. axb3 Nxb3 27. Rcd1 Rxe1+ 28. Rxe1 Re8 29. Rxe8+ Qxe8 30. f4 Nc1 31. Bxc5 Qa4 32. Qf3 Qa1 33. Bf1 Nb3 34. Bb4 Nd4 35. Qf2 Nf5 36. Bc5 Bf6 37. Qe2 Kg7 38. Bf2 Qc1 39. Qe1 Qxf4 40. Qe2 Bd4 41. Bxd4+ Nxd4 42. Qg2 Nf5 43. Kg1 Ne3 44. Qb2+ Kh7 45. Qe2 Qd4 46. Qf2 Qg4+ 1/2-1/2

[Event "NOR-ch Class1"]
[Site "Larvik"]
[Date "2019.07.13"]
[Round "9"]
[White "Strand, Andreas"]
[Black "Sorensen, Simen"]
[Result "0-1"]
[WhiteElo "1884"]
[BlackElo "1979"]
[PlyCount "104"]
[EventDate "2019.07.05"]
[EventType "swiss"]
[EventRounds "9"]
[EventCountry "NOR"]
[SourceTitle "EXT 2024"]
[Source "ChessBase"]
[SourceDate "2023.10.10"]
[SourceVersion "1"]
[SourceVersionDate "2023.10.10"]
[SourceQuality "1"]

1. e4 c5 2. f4 e6 3. Nf3 d5 4. Bb5+ Bd7 5. Bxd7+ Nxd7 6. Nc3 dxe4 7. Nxe4 Ngf6 8. Qe2 Be7 9. b3 0-0 10. Bb2 Qc7 11. Ne5 Nxe4 12. Qxe4 Nf6 13. Qf3 Rfd8 14. g4 Nd5 15. g5 f6 16. gxf6 Bxf6 17. 0-0-0 b5 18. Kb1 c4 19. Rhg1 a5 20. Ng4 Bxb2 21. Kxb2 Rac8 22. Qe4 Kh8 23. Rg3 Qxf4 24. Qxe6 Qd4+ 25. c3 Nxc3 26. Rxc3 Re8 27. Qf5 b4 28. Rdc1 bxc3+ 29. dxc3 Qc5 30. Qxc5 Rxc5 31. Ka3 Rg5 32. h3 Re2 33. Rf1 h5 34. Rf2 Re4 35. Nh2 Re3 36. Rf8+ Kh7 37. Nf3 Rg3 38. Nd4 cxb3 39. axb3 Rxc3 40. Ka4 Rxh3 41. Ne6 Rxb3 42. Ng5+ Kg6 43. Nxh3 Rxh3 44. Kxa5 Rb3 45. Ka4 Rb7 46. Rf1 h4 47. Ka5 Kh5 48. Ka6 Rb2 49. Rf3 g5 50. Rc3 g4 51. Rc5+ Kg6 52. Ka5 g3 0-1

[Event "Stavanger op"]
[Site "Stavanger"]
[Date "2018.10.11"]
[Round "2"]
[White "Sorensen, Simen"]
[Black "Sriram, Jha"]
[Result "0-1"]
[WhiteElo "1929"]
[BlackElo "2394"]
[PlyCount "92"]
[EventDate "2018.10.10"]
[EventType "swiss"]
[EventRounds "9"]
[EventCountry "NOR"]
[SourceTitle "CBM 186 Extra"]
[Source "ChessBase"]
[SourceDate "2018.08.24"]
[SourceVersion "1"]
[SourceVersionDate "2018.08.24"]
[SourceQuality "1"]

1. d4 Nf6 2. c4 c5 3. d5 e6 4. Nc3 exd5 5. cxd5 d6 6. e4 g6 7. f4 Bg7 8. Nf3 0-0 9. Be2 Re8 10. Nd2 a6 11. a4 Nbd7 12. 0-0 Rb8 13. Qc2 Qe7 14. a5 b5 15. axb6 Nxb6 16. Bf3 Ng4 17. Bxg4 Bxg4 18. h3 Bc8 19. Kh2 f5 20. Re1 Bb7 21. Rd1 Bc8 22. Nb3 fxe4 23. Na5 Qh4 24. Nc6 Ra8 25. Be3 Nc4 26. Qe2 Nxe3 27. Qxe3 Bd7 28. Rg1 Qh5 29. Rgd1 Rac8 30. Na5 Bd4 31. Qe1 Qf5 32. Qf1 e3 33. Qf3 Bb5 34. Re1 Rf8 35. Nxb5 axb5 36. Nc6 Rce8 37. Nxd4 cxd4 38. g3 g5 39. Ra5 gxf4 40. Rxb5 d3 41. Rb4 d2 42. Rg1 e2 43. gxf4+ Kh8 44. Qg3 Qf6 45. Rb7 e1Q 46. Qd3 Qxf4+ 0-1

[Event "NOR-chT Club"]
[Site "Bergen"]
[Date "2018.05.12"]
[Round "3.4"]
[White "Sorensen, Simen"]
[Black "Aulin Jansson, Joran"]
[Result "0-1"]
[WhiteElo "1853"]
[BlackElo "2287"]
[PlyCount "60"]
[EventDate "2018.05.10"]
[EventType "team-swiss"]
[EventRounds "6"]
[EventCountry "NOR"]
[SourceTitle "EXT 2019"]
[Source "ChessBase"]
[SourceDate "2018.10.10"]
[SourceVersion "1"]
[SourceVersionDate "2018.10.10"]
[SourceQuality "1"]
[WhiteTeam "Sevland"]
[BlackTeam "Asker"]
[WhiteTeamCountry "NOR"]
[BlackTeamCountry "NOR"]

1. c4 e5 2. Nc3 Nc6 3. g3 g6 4. Bg2 Bg7 5. e3 f5 6. d3 Nf6 7. Nge2 0-0 8. 0-0 d6 9. Rb1 a5 10. a3 g5 11. f4 h6 12. b4 axb4 13. axb4 Kh8 14. Qb3 Qe8 15. Nd5 Nxd5 16. Bxd5 Ne7 17. Bg2 Ng6 18. Bd2 exf4 19. gxf4 Rg8 20. fxg5 hxg5 21. Ng3 Nh4 22. Bd5 Be6 23. Bxb7 Rb8 24. Bh1 f4 25. Ne4 Qh5 26. Qd1 Bg4 27. Qe1 Be2 28. Nf2 Rbe8 29. e4 Bd4 30. Bc3 Qg4+ 0-1

[Event "Bergen Grand Prix"]
[Site "Bergen"]
[Date "2017.11.18"]
[Round "3"]
[White "Gronnestad, Anita"]
[Black "Sorensen, Simen"]
[Result "1-0"]
[WhiteElo "1908"]
[BlackElo "1667"]
[PlyCount "111"]
[EventDate "2017.11.17"]
[EventType "swiss"]
[EventRounds "5"]
[EventCountry "NOR"]
[SourceTitle "EXT 2024"]
[Source "ChessBase"]
[SourceDate "2023.10.10"]
[SourceVersion "1"]
[SourceVersionDate "2023.10.10"]
[SourceQuality "1"]

1. c4 Nf6 2. Nf3 e6 3. d4 b6 4. g3 Bb7 5. Bg2 Be7 6. 0-0 0-0 7. Nc3 Ne4 8. Nxe4 Bxe4 9. Nd2 Bxg2 10. Kxg2 f5 11. Nf3 d6 12. b4 Qe8 13. Re1 Qg6 14. Qc2 Nd7 15. Kh1 Nf6 16. Bg5 Rf7 17. Bxf6 Rxf6 18. c5 Qg4 19. cxb6 cxb6 20. Qc7 Rf7 21. Qb7 Qe4 22. d5 Raf8 23. Rad1 Bf6 24. Qc6 g5 25. b5 e5 26. Rc1 f4 27. Rc4 Qf5 28. Qxd6 g4 29. Qe6 Qh5 30. Ng1 Kh8 31. d6 Bg7 32. Rc8 fxg3 33. Rxf8+ Bxf8 34. fxg3 Rf2 35. h3 Qf5 36. Qxf5 Rxf5 37. Rd1 Rf7 38. d7 Be7 39. d8Q+ Bxd8 40. Rxd8+ Kg7 41. hxg4 a6 42. a4 axb5 43. axb5 Rf6 44. g5 Re6 45. Rc8 e4 46. Rc6 Re5 47. Rxb6 Rxg5 48. Kg2 Rf5 49. Nh3 Rc5 50. Nf4 Rc3 51. Rb7+ Kh6 52. b6 Rb3 53. Nd5 Kg6 54. Rb8 Kg7 55. b7 Rb5 56. Nc7 1-0

[Event "Stavanger op"]
[Site "Stavanger"]
[Date "2017.10.11"]
[Round "1"]
[White "Sorensen, Simen"]
[Black "Chatalbashev, Boris"]
[Result "0-1"]
[WhiteElo "1787"]
[BlackElo "2550"]
[PlyCount "114"]
[EventDate "2017.10.11"]
[EventType "swiss"]
[EventRounds "9"]
[EventCountry "NOR"]
[SourceTitle "CBM 181 Extra"]
[Source "ChessBase"]
[SourceDate "2017.12.12"]
[SourceVersion "1"]
[SourceVersionDate "2017.12.12"]
[SourceQuality "1"]

1. Nf3 d5 2. d4 Bf5 3. Bf4 e6 4. e3 Nd7 5. Bd3 Bxd3 6. Qxd3 c5 7. c3 Qb6 8. Qc2 Ngf6 9. 0-0 Be7 10. Nbd2 0-0 11. h3 Rac8 12. Rfe1 Rfd8 13. Rad1 Qa6 14. Ne5 b5 15. Qb3 c4 16. Qc2 b4 17. e4 Nb6 18. Bg5 bxc3 19. bxc3 Qa4 20. Rc1 h6 21. Bxf6 gxf6 22. Nef3 Ba3 23. Qxa4 Nxa4 24. Rc2 Rb8 25. exd5 exd5 26. Nb1 Bf8 27. Nh4 Rb6 28. Nd2 Rdb8 29. Nf1 Rb1 30. Rxb1 Rxb1 31. g4 Ba3 32. Nf5 Kf8 33. Nxh6 Bb2 34. Kg2 Bxc3 35. Nf5 Rb2 36. N1e3 Rxc2 37. Nxc2 Bd2 38. Nfe3 Nc3 39. a3 a5 40. Kf3 Bc1 41. h4 Kg7 42. Nf5+ Kh7 43. Nfe3 Kg6 44. Nf5 a4 45. Nfe3 Kh7 46. h5 Kh6 47. Nf5+ Kg5 48. Nfe3 Bb2 49. Nf5 Nb5 50. Kg3 Bc1 51. Ne1 Bf4+ 52. Kh3 Bd2 53. Kg3 Bxe1 54. Ne7 c3 55. h6 Kxh6 56. Nf5+ Kh7 57. Ne3 Nxd4 0-1

[Event "Hordaland-ch NGP"]
[Site "Bergen"]
[Date "2017.05.28"]
[Round "5"]
[White "Sorensen, Simen"]
[Black "Kristiansen, Snorre"]
[Result "1-0"]
[WhiteElo "1526"]
[BlackElo "1480"]
[PlyCount "119"]
[EventDate "2017.05.25"]
[EventType "swiss"]
[EventRounds "6"]
[EventCountry "NOR"]
[SourceTitle "EXT 2024"]
[Source "ChessBase"]
[SourceDate "2023.10.10"]
[SourceVersion "1"]
[SourceVersionDate "2023.10.10"]
[SourceQuality "1"]

1. e4 e6 2. d4 d5 3. Nd2 Nf6 4. e5 Nfd7 5. Bd3 b6 6. Ne2 Ba6 7. Nf3 c5 8. c3 Bxd3 9. Qxd3 Nc6 10. 0-0 Be7 11. Re1 cxd4 12. cxd4 Nb4 13. Qd1 Rc8 14. Nc3 0-0 15. Bf4 Re8 16. Rc1 f6 17. a3 Nc6 18. exf6 Nxf6 19. Rxe6 Qd7 20. Re2 Na5 21. Ne5 Qb7 22. Qd3 Nc4 23. Nxc4 dxc4 24. Qf5 Kh8 25. Rce1 g6 26. Qh3 Nh5 27. Rxe7 Rxe7 28. Rxe7 Qxe7 29. Qxc8+ Kg7 30. Qc7 Kf7 31. Qxc4+ Ke8 32. Qc6+ Kf7 33. Qc7 Nxf4 34. Qxf4+ Kg8 35. Qe5 Qf8 36. Nd5 h6 37. Qe6+ Qf7 38. Qxf7+ Kxf7 39. f4 Ke6 40. Nc3 Kd6 41. Kf2 Ke6 42. Ke3 a5 43. Ke4 Kd6 44. f5 gxf5+ 45. Kxf5 b5 46. Nxb5+ Kd5 47. b4 axb4 48. axb4 Kc4 49. Ke6 Kxb5 50. d5 Kxb4 51. d6 Kc3 52. d7 Kd2 53. d8Q+ Ke2 54. Qf6 h5 55. Qf3+ Kd2 56. Kd5 Kc2 57. Kd4 Kd2 58. Qf2+ Kc1 59. Kc3 Kb1 60. Qb2# 1-0

[Event "Hordaland-ch NGP"]
[Site "Bergen"]
[Date "2017.05.27"]
[Round "4"]
[White "Mansoor, Afras"]
[Black "Sorensen, Simen"]
[Result "1/2-1/2"]
[WhiteElo "1899"]
[BlackElo "1526"]
[PlyCount "64"]
[EventDate "2017.05.25"]
[EventType "swiss"]
[EventRounds "6"]
[EventCountry "NOR"]
[SourceTitle "EXT 2024"]
[Source "ChessBase"]
[SourceDate "2023.10.10"]
[SourceVersion "1"]
[SourceVersionDate "2023.10.10"]
[SourceQuality "1"]

1. d4 Nf6 2. Bg5 e6 3. e4 Be7 4. e5 Nd5 5. Bxe7 Qxe7 6. c4 Nb6 7. Nc3 d6 8. exd6 cxd6 9. Nf3 0-0 10. Be2 Nc6 11. 0-0 Re8 12. Re1 e5 13. d5 Nb8 14. b4 Bg4 15. Qb3 N8d7 16. Rac1 Rac8 17. Nd2 Bxe2 18. Nxe2 Kh8 19. a4 Nf6 20. Ng3 g6 21. f4 Nbd7 22. Nf3 b6 23. fxe5 Nxe5 24. Nxe5 dxe5 25. Red1 Qd6 26. a5 Rc7 27. Kh1 Rec8 28. a6 Kg8 29. h3 Re8 30. Qf3 Rec8 31. Qb3 Re8 32. Qf3 Rec8 1/2-1/2

[Event "Hordaland-ch NGP"]
[Site "Bergen"]
[Date "2017.05.26"]
[Round "2"]
[White "Kvaloy, Aksel Bu"]
[Black "Sorensen, Simen"]
[Result "1-0"]
[WhiteElo "1587"]
[BlackElo "1526"]
[PlyCount "71"]
[EventDate "2017.05.25"]
[EventType "swiss"]
[EventRounds "6"]
[EventCountry "NOR"]
[SourceTitle "EXT 2024"]
[Source "ChessBase"]
[SourceDate "2023.10.10"]
[SourceVersion "1"]
[SourceVersionDate "2023.10.10"]
[SourceQuality "1"]

1. e4 e6 2. d4 d5 3. Nc3 Nf6 4. Qd3 dxe4 5. Nxe4 Nbd7 6. c3 Nxe4 7. Qxe4 Nf6 8. Qc2 Bd6 9. Nf3 0-0 10. Bd3 b6 11. Bg5 h6 12. Bh4 Bb7 13. Ne5 Be7 14. 0-0-0 a5 15. f4 Nd5 16. Bxe7 Qxe7 17. Qd2 c5 18. dxc5 bxc5 19. g4 Rab8 20. h4 Nxf4 21. Qxf4 Bxh1 22. Rxh1 Rxb2 23. Qe4 f5 24. gxf5 Qb7 25. Qxb7 Rxb7 26. fxe6 Rf2 27. Re1 Rf8 28. Bg6 Rf6 29. Bf7+ Kf8 30. Ng6+ Rxg6 31. Bxg6 Ke7 32. Bf7 a4 33. Rd1 Rb6 34. Rd7+ Kf6 35. Bg8 Rb8 36. Rf7+ 1-0